| 000 | 00469cam a2200193 4500 | ||
|---|---|---|---|
| 001 | D8947 | ||
| 008 | 090401t1978 xxu||||| |||| 00| 0 eng d | ||
| 035 | _a(Sirsi) u16335 | ||
| 041 | _aeng | ||
| 050 | _a692.5 | ||
| 110 |
_aDavisBelfield and Everest _93167 |
||
| 245 | _aSpon`s Mechanical and electrical services price book | ||
| 250 | _a10th | ||
| 260 |
_aLondon _bSpon _c1978 |
||
| 300 | _axi. 382p. 21cm | ||
| 350 | _a9.95 | ||
| 942 | _n0 | ||
| 948 | _c04/03/1997 | ||
| 999 |
_c87416 _d87416 |
||